[Event "GER-chT U16"]
[Site "Berlin"]
[Date "2005.12.27"]
[Round "2.3"]
[White "Schmidt, Armin"]
[Black "Khorolinsky, Juliyan"]
[Result "1-0"]
[WhiteElo "1989"]
[BlackElo "1677"]
[PlyCount "97"]
[EventDate "2005.12.27"]
[EventType "team-swiss"]
[EventRounds "7"]
[EventCountry "GER"]
[SourceTitle "EXT 2022"]
[Source "ChessBase"]
[SourceDate "2021.10.06"]
[SourceVersion "1"]
[SourceVersionDate "2021.10.06"]
[SourceQuality "1"]
[WhiteTeam "Eppendorf Johanneum U16"]
[BlackTeam "Koeln Muelheim U16"]
[WhiteTeamCountry "GER"]
[BlackTeamCountry "GER"]

1. e4 e5 2. Nf3 Nc6 3. Bc4 Nf6 4. d3 Bc5 5. c3 d6 6. b4 Bb6 7. a4 a6 8. 0-0 Be6 9. Nbd2 0-0 10. Bb2 Re8 11. Re1 Qd7 12. Qc2 Rad8 13. Bxe6 fxe6 14. Nc4 Ba7 15. b5 Ne7 16. Qb3 c6 17. Ba3 Bb8 18. Nb6 Qc7 19. bxa6 bxa6 20. Qxe6+ Kh8 21. Qb3 Ng6 22. Ng5 d5 23. a5 h6 24. Nf3 dxe4 25. dxe4 Rd3 26. Rad1 Red8 27. Rxd3 Rxd3 28. Qc4 Nf4 29. Bc5 Qd8 30. Be3 N6h5 31. Qxc6 Kh7 32. Qc4 Qd6 33. g3 Qg6 34. Nh4 Qg4 35. Bxf4 Nxf4 36. Nd5 Rd1 37. Rxd1 Nh3+ 38. Kg2 Nxf2 39. Rb1 Ba7 40. Nb6 Nxe4 41. Nf3 Qf5 42. Re1 Nd6 43. Qe2 e4 44. Nd2 Qxa5 45. Nbc4 Nxc4 46. Qxe4+ Kh8 47. Nxc4 Qa2+ 48. Re2 Qa1 49. Qa8+ 1-0